<?xml version="1.0" encoding="UTF-8"?>
<collection xmlns="http://www.loc.gov/MARC21/slim">
 <record>
  <leader>00463pamaa2200133   4500</leader>
  <controlfield tag="001">0000049020</controlfield>
  <controlfield tag="005">20110504090000.0</controlfield>
  <controlfield tag="008">110504                             eng  </controlfield>
  <datafield tag="245" ind1="0" ind2="0">
   <subfield code="a">ACM Computing Surveys : </subfield>
   <subfield code="b">vol. 39, No. 1-4, 2007.</subfield>
  </datafield>
  <datafield tag="260" ind1="0" ind2="0">
   <subfield code="a">New York, N.Y.: </subfield>
   <subfield code="b">Association for Computing Machinery, </subfield>
   <subfield code="c">1971-.</subfield>
  </datafield>
  <datafield tag="300" ind1=" " ind2=" ">
   <subfield code="a">v.: </subfield>
   <subfield code="b">ill.; </subfield>
   <subfield code="c">26 cm.</subfield>
  </datafield>
  <datafield tag="500" ind1="0" ind2="0">
   <subfield code="a">Title from cover</subfield>
  </datafield>
  <datafield tag="650" ind1="0" ind2="0">
   <subfield code="a">Electronic digital computers -- </subfield>
   <subfield code="x">Periodicals </subfield>
  </datafield>
  <datafield tag="710" ind1="1" ind2="2">
   <subfield code="a">Association for Computing Machinery </subfield>
  </datafield>
 </record>
</collection>
